| 000 | 00569nam a2200193Ia 4500 | ||
|---|---|---|---|
| 003 | OSt | ||
| 005 | 20241003155533.0 | ||
| 008 | 210210b1972 xxu||||| |||| 00| 0 eng d | ||
| 040 | _cAL | ||
| 041 | _aHindi | ||
| 082 | _aH891.4 TYAC | ||
| 100 |
_aTYAGI (Dharmavir Simh). _dधर्मवीर सिंह त्यागी _9181291 |
||
| 245 |
_aChini mandarinavad. _bचीनी चीनी मंदारिनवाद |
||
| 260 |
_aDilli _bRachana Pablishars _c1972 |
||
| 300 | _a64 | ||
| 690 |
_aHindi Prose _9181292 |
||
| 906 | _a030847 | ||
| 942 |
_2ddc _cBK |
||
| 999 |
_c82014 _d82014 |
||